00134nam a22000737a 4500003000400000245003900004260000900043300000800052SGT aOral Health & Preventive Dentistry c2006 a290